From the garden of Eden to the crossing of the Jordan, (Record no. 553425)
[ view plain ]
| 000 -LEADER | |
|---|---|
| fixed length control field | 00649cam a22001571 4500 |
| 082 ## - DEWEY DECIMAL CLASSIFICATION NUMBER | |
| Classification number | 913 |
| Author Mark | WIL |
| 100 1# - MAIN ENTRY--PERSONAL NAME | |
| Personal name | Willcocks, William, |
| 9 (RLIN) | 50543 |
| 245 10 - TITLE STATEMENT | |
| Title | From the garden of Eden to the crossing of the Jordan, |
| Statement of responsibility, etc. | by Sir William Willcocks ... with four folding plates. |
| 250 ## - EDITION STATEMENT | |
| Edition statement | 3d ed. |
| 260 ## - PUBLICATION, DISTRIBUTION, ETC. | |
| Place of publication, distribution, etc. | London, |
| Name of publisher, distributor, etc. | E. & F. N. Spon, limited; |
| Place of publication, distribution, etc. | New York, |
| Name of publisher, distributor, etc. | Spon & Chamberlain, |
| Date of publication, distribution, etc. | 1929 |
| 300 ## - PHYSICAL DESCRIPTION | |
| Extent | 100 p. |
| Other physical details | fold. maps. |
| Dimensions | 25 cm. |
| 500 ## - GENERAL NOTE | |
| General note | "Given originally as lectures before the Egyptian institute and the Sultanish geographical society of Cairo in 1913 and 1917." |
| 526 ## - STUDY PROGRAM INFORMATION NOTE | |
| Program name | 0 |
| Interest level | 0 |
| Reading level | 0 |
| Title point value | 913_000000000000000_WIL |
| 650 ## - SUBJECT ADDED ENTRY--TOPICAL TERM | |
| Topical term or geographic name entry element | MCE |
| 9 (RLIN) | 379 |
| 942 ## - ADDED ENTRY ELEMENTS (KOHA) | |
| Source of classification or shelving scheme | |
| Koha item type | Book |
| Withdrawn status | Lost status | Source of classification or shelving scheme | Damaged status | Not for loan | Permanent Location | Current Location | Shelving location | Date acquired | Total Checkouts | Full call number | Barcode | Date last seen | Price effective from | Koha item type |
|---|---|---|---|---|---|---|---|---|---|---|---|---|---|---|
| Military College of Engineering (MCE) | Military College of Engineering (MCE) | 02/10/2015 | 913 WIL | MCE-ECF/44 | 02/10/2015 | 02/10/2015 | Book |
